Community organization and planning / (Record no. 34128)
[ view plain ]
| 000 -LEADER | |
|---|---|
| fixed length control field | 00696nam a2200241 a 4500 |
| 001 - CONTROL NUMBER | |
| control field | 34128 |
| 003 - CONTROL NUMBER IDENTIFIER | |
| rucl marc code | BD-RjUL |
| 005 - DATE AND TIME OF LATEST TRANSACTION | |
| control field | 20211209052118.0 |
| 008 - FIXED-LENGTH DATA ELEMENTS--GENERAL INFORMATION | |
| fixed length control field | 140514t1950 enk 001 0 eng d |
| 035 ## - SYSTEM CONTROL NUMBER | |
| System control number | (BD-RjUL)34222 |
| 040 ## - CATALOGING SOURCE | |
| Original cataloging agency | YNG |
| Modifying agency | OCL |
| Language of cataloging | eng |
| Transcribing agency | BD-RjUL |
| 041 ## - LANGUAGE CODE | |
| Language code of text/sound track or separate title | eng |
| 082 04 - DEWEY DECIMAL CLASSIFICATION NUMBER | |
| Classification number | 301.34 |
| Author mark and year | HIC 1950 |
| 100 1# - MAIN ENTRY--PERSONAL NAME | |
| Personal name | Hillman, Arthur, |
| Dates associated with a name | 1909-1985. |
| 9 (RLIN) | 103740 |
| 245 10 - TITLE STATEMENT | |
| Title | Community organization and planning / |
| 260 ## - PUBLICATION, DISTRIBUTION, ETC. (IMPRINT) | |
| Place of publication, distribution, etc. | New York : |
| Name of publisher, distributor, etc. | Macmillan, |
| Date of publication, distribution, etc. | 1950 |
| 300 ## - PHYSICAL DESCRIPTION | |
| Pagination | xviii, 378 p. : |
| Illustrations | ill. ; |
| Size | 24 cm. |
| 504 ## - BIBLIOGRAPHY, ETC. NOTE | |
| Bibliography, etc | Includes bibliographical reference and index. |
| 650 #0 - SUBJECT ADDED ENTRY--TOPICAL TERM | |
| Topical term or geographic name as entry element | Community organization. |
| 9 (RLIN) | 103741 |
| Topical term or geographic name as entry element | City planning. |
| 9 (RLIN) | 103742 |
| 942 ## - ADDED ENTRY ELEMENTS (KOHA) | |
| Source of classification or shelving scheme | Dewey Decimal Classification |
| Koha item type | Books |
| Lost status | Source of classification or shelving scheme | Damaged status | Not for loan | Collection code | Permanent Location | Current Location | Shelving location | Date acquired | Source of acquisition | Total Checkouts | Full call number | Date last seen | Copy number | Koha item type | Date checked out |
|---|---|---|---|---|---|---|---|---|---|---|---|---|---|---|---|
| Dewey Decimal Classification | Not For Loan | Non-fiction | Central Library, University of Rajshahi | Central Library, University of Rajshahi | Reading Room | 01/12/1964 | Asia Foundation | 301.34 HIC 1950 | 14/05/2014 | C-1 | Books | ||||
| Dewey Decimal Classification | Non-fiction | Central Library, University of Rajshahi | Central Library, University of Rajshahi | 20/05/1965 | Asia Foundation | 1 | 301.34 HIC 1951 | 27/02/2020 | C-3 | Books | 02/02/2020 |